Normal view
MARC view
Entry Personal Name
001 - CONTROL NUMBER
- control field: 42810
003 - CONTROL NUMBER IDENTIFIER
- control field: ARRUPE
005 - DATE AND TIME OF LATEST TRANSACTION
- control field: 20181008174337.0
008 - FIXED-LENGTH DATA ELEMENTS
- fixed length control field: 181008|| aca||aabn | a|a d
040 ## - CATALOGING SOURCE
- Original cataloging agency: ARRUPE
- Transcribing agency: ARRUPE
100 ## - HEADING--PERSONAL NAME
- Personal name: Campanini, Massimo,
- Dates associated with a name: 1954-
670 ## - SOURCE DATA FOUND
- Source citation: Work cat.: (ARRUPE)0: Campanini, Massimo, 1954-, An introduction to Islamic philosophy /, 2008.